000000533 001__ 533 000000533 005__ 20260316170950.0 000000533 02480 $$a050-006-154 000000533 037__ $$aGENERAL 000000533 245__ $$aThe old Market Street School, currently at 585 East Market Street, Warren. 000000533 260__ $$cCirca 1900's. 000000533 269__ $$a1900$$b1909 000000533 300__ $$c12.5 x 17.5 cm. 000000533 336__ $$aStill Image 000000533 347__ $$bjpeg 000000533 500__ $$aThis photo was the gift of Craig Simons, whose family lived at 106 (later 245) West Tod Avenue in Warren.<p/> <p>Mr. Simon estimates that these photos were taken around 1900, at which time John M. (b1869) and Anna/Amma/Amy G. Craig (b1869) lived in the Tod Avenue home with their children Charles W. Craig and Lucy M. Craig (grandmother of the donor), and a boarder, David D. Evens. 000000533 533__ $$cCraig Simons. 000000533 541__ $$aCraig Simons. 000000533 650__ $$aMarket Street School (Warren, Ohio). 000000533 651__ $$aWarren (Ohio). 000000533 655__ $$aPhotograph 000000533 8564_ $$9bc4c63b8-bac2-4e58-823c-7bdc76d3b94f$$s2927228$$uhttps://trumbullmemory.org/record/533/files/001.jpg 000000533 980__ $$aScenes of Trumbull County 000000533 980__ $$aScenes of Trumbull County: Warren